| 000 | 00969nam a22002771c 4500 | ||
|---|---|---|---|
| 001 | 836778952 | ||
| 008 | 180419s2014 gw |||| 000u fre d | ||
| 020 |
_a9782735115693 _9978-2-7351-1569-3 |
||
| 041 | _afre | ||
| 245 | 0 | 2 |
_aL'identification biométrique : _bChamps, acteurs, enjeux et controverses |
| 264 |
_aParis : _bÉditions de la Maison des sciences de l'homme, _c2014 |
||
| 300 | _aOnline-Ressource (441 Seiten) | ||
| 336 |
_aText _btxt _2rdacontent |
||
| 337 |
_aComputermedien _bc _2rdamedia |
||
| 338 |
_aOnline-Ressource _bcr _2rdacarrier |
||
| 500 | _aE-Book-ProQuest / Fernzugriff nach Registrierung möglich | ||
| 650 | 0 | _aBiometrie | |
| 650 | 0 | _aIdentifikation | |
| 655 | 0 | _aFernzugriff | |
| 700 | 1 |
_aCeyan, Ayse _eHerausgeberIn |
|
| 700 | 1 |
_aPiazza, Pierre _eHerausgeberIn |
|
| 856 | 4 | _uhttps://ebookcentral.proquest.com/lib/maxweberstiftung-ebooks/detail.action?docID=3239370 | |
| 942 | _cEB | ||
| 040 | _cRU-10907106 | ||
| 003 | RU-10907106 | ||
| 999 |
_c49568 _d49568 |
||